| 000 | 00915cpcaa2200265 4500 | ||
|---|---|---|---|
| 001 | mm 79001418 | ||
| 003 | DLC | ||
| 005 | 20260227111636.0 | ||
| 008 | 790521|||||||||||| fre | ||
| 010 | _amm 79001418 | ||
| 040 |
_aDLC _cDLC _edacs _dDLC |
||
| 041 |
_afre _aeng |
||
| 072 | 7 |
_aR _2lcmd |
|
| 100 | 1 |
_aFoch, Ferdinand, _d1851-1929. |
|
| 245 | 0 | 0 |
_aFerdinand Foch address with typewritten translation, _f1918. |
| 300 |
_a1 _fitem. |
||
| 506 | 0 | _aOpen to research. | |
| 533 |
_aIn part, typewritten transcript. _b[S.l.]. |
||
| 545 | 0 | _aFrench army officer. | |
| 546 | _aCollection material in French, with English. | ||
| 580 | _aForms part of: Miscellaneous Manuscripts collection. | ||
| 656 | 7 |
_aArmy officers, French. _2itoamc |
|
| 999 |
_c40777 _d40777 |
||